Využitie modelov DCF pri tvorbe oceňovacích regresných modelov stanovenia trhovej hodnoty podniku
Teoretické východiská problematiky. Modely diskontovaného cash flow (DCF). Pomerové ukazovatele trhovej hodnoty podniku.
Gespeichert in:
| 1. Verfasser: | |
|---|---|
| Format: | Buchkapitel |
| Sprache: | Slowakisch |
| Schlagworte: | |
| Tags: |
Keine Tags, Fügen Sie das erste Tag hinzu!
|
MARC
| LEADER | 00000nla$a2200000$$$4500 | ||
|---|---|---|---|
| 001 | 0114520 | ||
| 005 | 20240502072257.8 | ||
| 041 | 0 | |a slo | |
| 044 | |a SK | ||
| 245 | 1 | 0 | |a Využitie modelov DCF pri tvorbe oceňovacích regresných modelov stanovenia trhovej hodnoty podniku |c Katarína Belanová |
| 520 | |a Teoretické východiská problematiky. Modely diskontovaného cash flow (DCF). Pomerové ukazovatele trhovej hodnoty podniku. | ||
| 610 | 2 | 0 | |a modely lineárne |
| 610 | 2 | 0 | |a modely nelineárne |
| 610 | 2 | 0 | |a modely regresné |
| 610 | 2 | 0 | |a modelovanie |
| 610 | 2 | 0 | |a cash flow |
| 610 | 2 | 0 | |a hodnota trhová |
| 610 | 2 | 0 | |a trh finančný |
| 610 | 2 | 0 | |a podnik |
| 610 | 2 | 0 | |a akcie |
| 610 | 2 | 0 | |a tržby |
| 100 | 1 | |a Belanová, Katarína, 1978- | |